[Event "FICGS class F 000213 email"]
[Site "FICGS email"]
[Date "2019.02.18"]
[Round "1"]
[White "Barradas, Anderson"]
[Black "Leurette, Marc Antoine"]
[Result "0-1"]
[WhiteElo "1338"]
[BlackElo "1321"]
[PlyCount "38"]
[EventDate "2019.??.??"]
[EventType "tourn (corr)"]
[EventRounds "5"]
[SourceTitle "Corr 2022"]
[Source "ChessBase"]
[SourceDate "2021.10.24"]
[SourceVersion "1"]
[SourceVersionDate "2021.10.24"]
[SourceQuality "1"]

1. e4 e5 2. Nf3 Nc6 3. d4 exd4 4. Nxd4 Nf6 5. Nc3 Bb4 6. Nxc6 bxc6 7. Bd2 d6 8. Bd3 0-0 9. 0-0 Re8 10. Re1 Bxc3 11. Bxc3 c5 12. a3 Bb7 13. f3 Bc6 14. b4 cxb4 15. Bxb4 a6 16. c4 Bd7 17. Bc3 c5 18. Bc2 Be6 19. Qd3 h6 0-1

[Event "FICGS class F 000208 email"]
[Site "FICGS email"]
[Date "2018.10.26"]
[Round "1"]
[White "Marcel, Alexis"]
[Black "Barradas, Anderson"]
[Result "1-0"]
[WhiteElo "861"]
[BlackElo "1231"]
[PlyCount "101"]
[EventDate "2018.??.??"]
[EventType "tourn (corr)"]
[EventRounds "5"]
[SourceTitle "Corr 2022"]
[Source "ChessBase"]
[SourceDate "2021.10.24"]
[SourceVersion "1"]
[SourceVersionDate "2021.10.24"]
[SourceQuality "1"]

1. f4 Nf6 2. Nf3 d6 3. b3 g6 4. Bb2 Bg7 5. e3 Bg4 6. Be2 0-0 7. 0-0 Nc6 8. h3 Bxf3 9. Bxf3 e5 10. fxe5 dxe5 11. Nc3 a6 12. Ne4 Re8 13. Nxf6+ Bxf6 14. Bxc6 bxc6 15. Qf3 Bg7 16. Qe2 Qd5 17. Rad1 Qa5 18. a4 e4 19. Bxg7 Kxg7 20. Rf4 Rab8 21. Rdf1 Re7 22. R1f2 Qc5 23. d4 Qd5 24. Qxa6 f5 25. Qa7 Rd8 26. c4 Qd7 27. Qc5 Rf8 28. Ra2 g5 29. Rff2 Kg6 30. a5 f4 31. exf4 Rf5 32. Qb4 gxf4 33. a6 Re8 34. a7 Qxd4 35. a8Q Rxa8 36. Rxa8 c5 37. Ra6+ Kg5 38. Qd2 e3 39. Qxd4 cxd4 40. Rf1 e2 41. Re1 Re5 42. Ra2 d3 43. Rd2 Re3 44. Kf2 c5 45. Rb2 Kf5 46. b4 cxb4 47. Rc1 Ke4 48. c5 e1Q+ 49. Rxe1 Rxe1 50. Kxe1 Kd5 51. Rxb4 1-0

[Event "FICGS class F 000208 email"]
[Site "FICGS email"]
[Date "2018.10.26"]
[Round "1"]
[White "Valentin, Laurentiu"]
[Black "Barradas, Anderson"]
[Result "1-0"]
[WhiteElo "1109"]
[BlackElo "1231"]
[PlyCount "75"]
[EventDate "2018.??.??"]
[EventType "tourn (corr)"]
[EventRounds "5"]
[SourceTitle "Corr 2022"]
[Source "ChessBase"]
[SourceDate "2021.10.24"]
[SourceVersion "1"]
[SourceVersionDate "2021.10.24"]
[SourceQuality "1"]

1. e4 e5 2. f4 exf4 3. Nf3 d6 4. d4 Bg4 5. Bxf4 Nf6 6. Bd3 Be7 7. 0-0 Nc6 8. c3 Nh5 9. Be3 a6 10. Nbd2 0-0 11. h3 Bxf3 12. Qxf3 Nf6 13. Rae1 b5 14. Qf5 g6 15. Qf2 Rb8 16. Bg5 Na7 17. Bxf6 Bxf6 18. Qxf6 Qxf6 19. Rxf6 Kg7 20. Rff1 Nc6 21. Nf3 Ne7 22. Nh2 d5 23. e5 Rbc8 24. Ng4 h5 25. Nf6 Rfd8 26. Rf2 c5 27. Ref1 cxd4 28. cxd4 Nc6 29. Nxh5+ gxh5 30. Rxf7+ Kg8 31. R7f4 Nb4 32. Bb1 Kg7 33. Kh2 a5 34. a3 Nc6 35. R1f3 Rf8 36. Rg3+ Kh8 37. Rh4 Ne7 38. Rxh5# 1-0

[Event "FICGS rapid E 000219 email"]
[Site "FICGS email"]
[Date "2018.10.06"]
[Round "1"]
[White "Hadden, John"]
[Black "Barradas, Anderson"]
[Result "1/2-1/2"]
[WhiteElo "1421"]
[BlackElo "1231"]
[PlyCount "103"]
[EventDate "2018.??.??"]
[EventType "tourn (rapid)"]
[EventRounds "6"]
[SourceTitle "Corr 2022"]
[Source "ChessBase"]
[SourceDate "2021.10.24"]
[SourceVersion "1"]
[SourceVersionDate "2021.10.24"]
[SourceQuality "1"]

1. d4 Nf6 2. Nf3 d6 3. Nc3 c6 4. e3 Bg4 5. Be2 h6 6. h3 Bh5 7. 0-0 Nbd7 8. Bd2 e6 9. a3 Be7 10. e4 0-0 11. b4 Bg6 12. e5 dxe5 13. dxe5 Nh7 14. Bd3 Bxd3 15. cxd3 a5 16. Qb3 axb4 17. axb4 Rxa1 18. Rxa1 Qb6 19. b5 Nc5 20. Qb1 f5 21. d4 Ne4 22. Qd3 Nxd2 23. Nxd2 Ng5 24. Nc4 Qd8 25. bxc6 bxc6 26. Ra6 c5 27. Nd6 f4 28. Nce4 Nxe4 29. Nxe4 Qxd4 30. Qxd4 cxd4 31. Rxe6 Bg5 32. Rd6 Re8 33. e6 Bf6 34. Kf1 Be5 35. Rb6 d3 36. Ke1 Kf8 37. Kd2 Rd8 38. Rb3 Ke7 39. Nc5 Rc8 40. Rb7+ Kd6 41. Nxd3 Kxe6 42. Nxe5 Kxe5 43. Rxg7 Kf6 44. Rg4 Kf5 45. Ke2 Rc2+ 46. Kf3 Rc3+ 47. Ke2 h5 48. Rg8 Rc2+ 49. Kf3 Rc3+ 50. Ke2 Rc2+ 51. Kf3 Rc3+ 52. Ke2 1/2-1/2

[Event "FICGS rapid E 000219 email"]
[Site "FICGS email"]
[Date "2018.10.06"]
[Round "1"]
[White "Wood, Brian"]
[Black "Barradas, Anderson"]
[Result "0-1"]
[WhiteElo "1288"]
[BlackElo "1231"]
[PlyCount "62"]
[EventDate "2018.??.??"]
[EventType "tourn (rapid)"]
[EventRounds "6"]
[SourceTitle "Corr 2022"]
[Source "ChessBase"]
[SourceDate "2021.10.24"]
[SourceVersion "1"]
[SourceVersionDate "2021.10.24"]
[SourceQuality "1"]

1. c4 Nf6 2. Nf3 e6 3. d4 d5 4. g3 b6 5. Bg2 Bb7 6. 0-0 c5 7. Nc3 Nbd7 8. cxd5 Nxd5 9. Nxd5 Bxd5 10. dxc5 Bxc5 11. a3 0-0 12. b4 Be7 13. Bb2 Bf6 14. Bxf6 Nxf6 15. Rc1 Rc8 16. Ne5 Bxg2 17. Kxg2 Qd5+ 18. Qxd5 Nxd5 19. Rxc8 Rxc8 20. Rd1 f6 21. Nf3 Nc3 22. Rd3 Nxe2 23. Nd4 Nxd4 24. Rxd4 e5 25. Rd7 a5 26. bxa5 bxa5 27. Ra7 Rc5 28. h4 h6 29. g4 g5 30. hxg5 hxg5 31. a4 e4 0-1

[Event "FICGS class F 000207 email"]
[Site "FICGS email"]
[Date "2018.09.28"]
[Round "1"]
[White "Barradas, Anderson"]
[Black "Marcel, Alexis"]
[Result "0-1"]
[WhiteElo "1231"]
[BlackElo "861"]
[PlyCount "86"]
[EventDate "2018.??.??"]
[EventType "tourn (corr)"]
[EventRounds "5"]
[SourceTitle "Corr 2022"]
[Source "ChessBase"]
[SourceDate "2021.10.24"]
[SourceVersion "1"]
[SourceVersionDate "2021.10.24"]
[SourceQuality "1"]

1. e4 g6 2. d4 Bg7 3. Nf3 c5 4. c3 cxd4 5. cxd4 e6 6. e5 Nc6 7. Be3 Qa5+ 8. Nc3 Nge7 9. a3 a6 10. b4 Qc7 11. Be2 0-0 12. Bf4 Nf5 13. g3 Qb6 14. Na4 Qa7 15. Nc5 b6 16. Nb3 Bb7 17. 0-0 Rfd8 18. Rc1 Bf8 19. Bg5 Rdc8 20. h3 h6 21. Bf4 g5 22. Be3 Nxe3 23. fxe3 Ne7 24. Nh2 Nf5 25. Rxc8 Rxc8 26. Qd3 Nxg3 27. Rf6 Bg7 28. Rf3 Nxe2+ 29. Qxe2 Bxf3 30. Nxf3 Bf8 31. Qe1 Qb7 32. Qe2 Rc3 33. Nfd2 Qc8 34. Kf2 a5 35. bxa5 bxa5 36. a4 Bb4 37. Kf3 Qc6+ 38. Kg4 Kg7 39. h4 gxh4 40. Nc5 Bxc5 41. dxc5 Qxc5 42. Kf4 Qb4+ 43. Ne4 Rc4 0-1

[Event "FICGS class F 000207 email"]
[Site "FICGS email"]
[Date "2018.09.28"]
[Round "1"]
[White "Barradas, Anderson"]
[Black "Strohmeier, Josef"]
[Result "1-0"]
[WhiteElo "1231"]
[BlackElo "1150"]
[PlyCount "81"]
[EventDate "2018.??.??"]
[EventType "tourn (corr)"]
[EventRounds "5"]
[SourceTitle "Corr 2022"]
[Source "ChessBase"]
[SourceDate "2021.10.24"]
[SourceVersion "1"]
[SourceVersionDate "2021.10.24"]
[SourceQuality "1"]

1. e4 c5 2. Nf3 Nc6 3. d4 cxd4 4. Nxd4 Nf6 5. Nc3 e6 6. Bg5 Be7 7. Bb5 0-0 8. 0-0 h6 9. Bh4 a6 10. Be2 b5 11. e5 Nxe5 12. Bxf6 Bxf6 13. Ne4 d5 14. Ng3 Qb6 15. c3 Bb7 16. Qc1 Rac8 17. Nh5 Be7 18. Qe3 Ng6 19. Rac1 Qc7 20. Nf3 Bc5 21. Qd3 Ne5 22. Nxe5 Qxe5 23. Rce1 Qg5 24. g3 Rcd8 25. h4 Qe7 26. b4 Bb6 27. a3 Rc8 28. Qf3 d4 29. Qg4 g6 30. Bd3 g5 31. hxg5 hxg5 32. Re5 f5 33. Qe2 Rce8 34. g4 dxc3 35. gxf5 Qd8 36. Rxe6 Rxe6 37. Qxe6+ Rf7 38. Qg6+ Kf8 39. Qh6+ Ke8 40. Re1+ Kd7 41. Qe6+ 1-0

[Event "FICGS class F 000207 email"]
[Site "FICGS email"]
[Date "2018.09.28"]
[Round "1"]
[White "Benreguia, Frederic"]
[Black "Barradas, Anderson"]
[Result "0-1"]
[WhiteElo "945"]
[BlackElo "1231"]
[PlyCount "44"]
[EventDate "2018.??.??"]
[EventType "tourn (corr)"]
[EventRounds "5"]
[SourceTitle "Corr 2022"]
[Source "ChessBase"]
[SourceDate "2021.10.24"]
[SourceVersion "1"]
[SourceVersionDate "2021.10.24"]
[SourceQuality "1"]

1. b4 e5 2. a3 g6 3. Bb2 Bg7 4. d3 d5 5. Nd2 Nc6 6. b5 Nd4 7. Bxd4 exd4 8. Nb3 Bd7 9. Nxd4 Bxd4 10. e3 Bxa1 11. Qxa1 Nf6 12. g4 Bxg4 13. h3 Bh5 14. e4 dxe4 15. dxe4 Qe7 16. e5 0-0-0 17. Ne2 Ne4 18. Bg2 Qh4 19. Bxe4 Qxe4 20. f3 Bxf3 21. Rh2 Bxe2 22. Kf2 Qf3+ 0-1

[Event "FICGS rapid E 000218 email"]
[Site "FICGS email"]
[Date "2018.09.27"]
[Round "1"]
[White "Barradas, Anderson"]
[Black "Leurette, Marc Antoine"]
[Result "1-0"]
[WhiteElo "1231"]
[BlackElo "1338"]
[PlyCount "31"]
[EventDate "2018.??.??"]
[EventType "tourn (rapid)"]
[EventRounds "6"]
[SourceTitle "Corr 2022"]
[Source "ChessBase"]
[SourceDate "2021.10.24"]
[SourceVersion "1"]
[SourceVersionDate "2021.10.24"]
[SourceQuality "1"]

1. e4 e5 2. Nf3 Nc6 3. d4 exd4 4. Nxd4 Bc5 5. Be3 Nf6 6. Nc3 d5 7. Nxc6 bxc6 8. Bxc5 Be6 9. Bd3 dxe4 10. Nxe4 Nd7 11. 0-0 Nxc5 12. Nxc5 Bd5 13. Re1+ Kf8 14. c4 Bxg2 15. Qg4 Qf6 16. Nd7+ 1-0

[Event "FICGS rapid E 000218 email"]
[Site "FICGS email"]
[Date "2018.09.27"]
[Round "1"]
[White "Strohmeier, Josef"]
[Black "Barradas, Anderson"]
[Result "0-1"]
[WhiteElo "1150"]
[BlackElo "1231"]
[PlyCount "52"]
[EventDate "2018.??.??"]
[EventType "tourn (rapid)"]
[EventRounds "6"]
[SourceTitle "Corr 2022"]
[Source "ChessBase"]
[SourceDate "2021.10.24"]
[SourceVersion "1"]
[SourceVersionDate "2021.10.24"]
[SourceQuality "1"]

1. e4 e5 2. Nf3 Nc6 3. Bb5 a6 4. Ba4 Nf6 5. 0-0 Bc5 6. c3 Nxe4 7. d4 exd4 8. cxd4 Ba7 9. Re1 d5 10. Nc3 Bf5 11. Ng5 0-0 12. Ngxe4 dxe4 13. d5 Nb4 14. a3 Nd3 15. Rf1 b5 16. Bb3 Qd6 17. Be3 Nxb2 18. Qe2 Nd3 19. Bxa7 Rxa7 20. Nxe4 Bxe4 21. Qxe4 Nc5 22. Qc2 Re8 23. Rfe1 Rxe1+ 24. Rxe1 Ra8 25. Ba2 a5 26. Rc1 Na6 0-1

[Event "FICGS rapid E 000218 email"]
[Site "FICGS email"]
[Date "2018.09.27"]
[Round "1"]
[White "Wood, Brian"]
[Black "Barradas, Anderson"]
[Result "1-0"]
[WhiteElo "1288"]
[BlackElo "1231"]
[PlyCount "75"]
[EventDate "2018.??.??"]
[EventType "tourn (rapid)"]
[EventRounds "6"]
[SourceTitle "Corr 2022"]
[Source "ChessBase"]
[SourceDate "2021.10.24"]
[SourceVersion "1"]
[SourceVersionDate "2021.10.24"]
[SourceQuality "1"]

1. Nf3 Nf6 2. c4 e6 3. d4 d5 4. g3 b6 5. Bg2 Bb7 6. 0-0 Nbd7 7. Nc3 c6 8. Bg5 h6 9. Bxf6 Nxf6 10. cxd5 cxd5 11. e3 Bd6 12. Rc1 0-0 13. Nb5 Ba6 14. a4 Qd7 15. Ne5 Bxe5 16. dxe5 Nh7 17. Rc7 Qd8 18. Qc2 Bxb5 19. axb5 a5 20. bxa6 Rxa6 21. Qc6 Ng5 22. b4 b5 23. Qxa6 Qxc7 24. Qxb5 Rb8 25. Qa5 Qc4 26. Rb1 Ne4 27. b5 Nc3 28. Bf1 Ne2+ 29. Bxe2 Qc2 30. Qe1 f6 31. exf6 gxf6 32. Bf3 Qc5 33. Qb4 Qc4 34. Qxc4 dxc4 35. b6 Kf7 36. b7 Ke7 37. Rc1 Kd7 38. Rxc4 1-0

[Event "FICGS no engines 00 email"]
[Site "FICGS email"]
[Date "2018.09.23"]
[Round "1"]
[White "Barradas, Anderson"]
[Black "Goldmund, Heike"]
[Result "0-1"]
[WhiteElo "1231"]
[BlackElo "1307"]
[PlyCount "28"]
[EventDate "2018.??.??"]
[EventType "swiss (corr)"]
[EventRounds "1"]
[SourceTitle "Corr 2022"]
[Source "ChessBase"]
[SourceDate "2021.10.24"]
[SourceVersion "1"]
[SourceVersionDate "2021.10.24"]
[SourceQuality "1"]

1. e4 d5 2. exd5 Qxd5 3. Nc3 Qa5 4. Nf3 Nf6 5. Bd3 Bg4 6. 0-0 e6 7. a3 c6 8. h3 Bxh3 9. gxh3 Nh5 10. Nh2 Qg5+ 11. Ng4 Nf4 12. Qf3 h5 13. Ne4 hxg4 14. Qxg4 Nxh3+ 0-1

[Event "FICGS class F 000205 email"]
[Site "FICGS email"]
[Date "2018.08.05"]
[Round "1"]
[White "Barradas, Anderson"]
[Black "Leurette, Marc Antoine"]
[Result "1-0"]
[WhiteElo "1234"]
[BlackElo "1291"]
[PlyCount "91"]
[EventDate "2018.??.??"]
[EventType "tourn (corr)"]
[EventRounds "5"]
[SourceTitle "Corr 2022"]
[Source "ChessBase"]
[SourceDate "2021.10.24"]
[SourceVersion "1"]
[SourceVersionDate "2021.10.24"]
[SourceQuality "1"]

1. e4 e5 2. Nf3 Nc6 3. d4 exd4 4. Nxd4 Nf6 5. Nc3 Bb4 6. Nf5 Bxc3+ 7. bxc3 d6 8. Nxg7+ Kf8 9. Bh6 Ke7 10. Qf3 Ng8 11. Bg5+ f6 12. Nf5+ Bxf5 13. Qxf5 Ne5 14. Bh4 Qf8 15. g3 Nh6 16. Qh5 Qg7 17. Bh3 Qg6 18. Qe2 Nhg4 19. f4 h5 20. fxe5 Nxe5 21. Bf5 Qf7 22. Qb5 b6 23. 0-0-0 Nf3 24. Qd7+ Kf8 25. Qxf7+ Kxf7 26. Rdf1 Nxh4 27. gxh4 c5 28. Bh3 Rae8 29. Rf4 Re5 30. Rhf1 Rh6 31. Kb2 a5 32. c4 Re8 33. Kb3 Rb8 34. Ka4 Rb7 35. Kb5 Ke7 36. Kc6 Rb8 37. Kc7 Ra8 38. a4 b5 39. cxb5 Ra7+ 40. Kb6 Ra8 41. Kb7 Rg8 42. c4 Rf8 43. Kc7 Rf7 44. b6 Rf8 45. b7 Rg8 46. Bc8 1-0

[Event "FICGS class F 000205 email"]
[Site "FICGS email"]
[Date "2018.08.05"]
[Round "1"]
[White "Barradas, Anderson"]
[Black "MacDonald, Murdo"]
[Result "1-0"]
[WhiteElo "1234"]
[BlackElo "1314"]
[PlyCount "45"]
[EventDate "2018.??.??"]
[EventType "tourn (corr)"]
[EventRounds "5"]
[SourceTitle "Corr 2022"]
[Source "ChessBase"]
[SourceDate "2021.10.24"]
[SourceVersion "1"]
[SourceVersionDate "2021.10.24"]
[SourceQuality "1"]

1. e4 d6 2. d4 e5 3. dxe5 Nc6 4. Bb5 Bd7 5. Nc3 f6 6. exd6 cxd6 7. Nd5 Ne5 8. Be2 Ne7 9. Nf3 Nxd5 10. Qxd5 Bc6 11. Bb5 Be7 12. Nxe5 fxe5 13. Bxc6+ bxc6 14. Qxc6+ Kf7 15. Qd5+ Kf8 16. Be3 Rc8 17. c3 h6 18. 0-0 a5 19. a4 g5 20. Rac1 h5 21. h3 g4 22. Qe6 Rc4 23. Qxc4 1-0

[Event "FICGS class F 000204 email"]
[Site "FICGS email"]
[Date "2018.07.23"]
[Round "1"]
[White "Wood, Brian"]
[Black "Barradas, Anderson"]
[Result "0-1"]
[WhiteElo "1277"]
[BlackElo "1234"]
[PlyCount "52"]
[EventDate "2018.??.??"]
[EventType "tourn (corr)"]
[EventRounds "5"]
[SourceTitle "Corr 2022"]
[Source "ChessBase"]
[SourceDate "2021.10.24"]
[SourceVersion "1"]
[SourceVersionDate "2021.10.24"]
[SourceQuality "1"]

1. Nf3 Nf6 2. c4 d5 3. d4 c6 4. Nc3 e6 5. Bg5 Be7 6. e3 h6 7. Bh4 Nbd7 8. Bd3 b6 9. 0-0 Ba6 10. cxd5 Bxd3 11. Qxd3 cxd5 12. Rac1 Rc8 13. Bxf6 Bxf6 14. Rfe1 0-0 15. Nb5 Rxc1 16. Rxc1 Qb8 17. Ne5 Nxe5 18. dxe5 Qxe5 19. Nxa7 Qxb2 20. Qb1 Qa3 21. Nb5 Qa5 22. Nd6 Be5 23. Nc8 b5 24. Ne7+ Kh8 25. Rc8 Rxc8 26. Nxc8 Qc7 0-1

[Event "FICGS rapid E 000214 email"]
[Site "FICGS email"]
[Date "2018.07.21"]
[Round "1"]
[White "Barradas, Anderson"]
[Black "Pipac, Darko"]
[Result "1/2-1/2"]
[WhiteElo "1234"]
[BlackElo "1219"]
[PlyCount "62"]
[EventDate "2018.??.??"]
[EventType "tourn (rapid)"]
[EventRounds "6"]
[SourceTitle "Corr 2022"]
[Source "ChessBase"]
[SourceDate "2021.10.24"]
[SourceVersion "1"]
[SourceVersionDate "2021.10.24"]
[SourceQuality "1"]

1. e4 e5 2. Nf3 Nc6 3. d4 exd4 4. Nxd4 Nxd4 5. Qxd4 h6 6. Nc3 c6 7. Bc4 Nf6 8. 0-0 Bb4 9. Bxf7+ Kxf7 10. Qxb4 d5 11. Rd1 Re8 12. exd5 Nxd5 13. Nxd5 cxd5 14. Qf4+ Qf6 15. Be3 Qxf4 16. Bxf4 Be6 17. h3 Rac8 18. c3 Red8 19. Be3 a6 20. Rd4 g5 21. Rb4 Rd7 22. a3 Rc6 23. Kh2 Rc4 24. g3 Bf5 25. Bd4 Re7 26. Rd1 Rxb4 27. axb4 Re2 28. g4 Be4 29. b3 Bc2 30. Ra1 Bxb3 31. Kg3 Bc4 1/2-1/2

[Event "FICGS rapid E 000212 email"]
[Site "FICGS email"]
[Date "2018.06.24"]
[Round "1"]
[White "Leurette, Marc Antoine"]
[Black "Barradas, Anderson"]
[Result "1-0"]
[WhiteElo "1234"]
[BlackElo "1234"]
[PlyCount "23"]
[EventDate "2018.??.??"]
[EventType "tourn (rapid)"]
[EventRounds "6"]
[SourceTitle "Corr 2022"]
[Source "ChessBase"]
[SourceDate "2021.10.24"]
[SourceVersion "1"]
[SourceVersionDate "2021.10.24"]
[SourceQuality "1"]

1. e4 e5 2. Nf3 Nc6 3. Bc4 Bc5 4. 0-0 Nf6 5. Nc3 0-0 6. d3 a6 7. Bg5 h6 8. Bxf6 Qxf6 9. a3 b5 10. Bd5 Bb7 11. Qe2 Nd8 12. Bxb7 1-0

[Event "FICGS class F 000203 email"]
[Site "FICGS email"]
[Date "2018.06.15"]
[Round "1"]
[White "Goldmund, Heike"]
[Black "Barradas, Anderson"]
[Result "0-1"]
[WhiteElo "1189"]
[BlackElo "1234"]
[PlyCount "60"]
[EventDate "2018.??.??"]
[EventType "tourn (corr)"]
[EventRounds "5"]
[SourceTitle "Corr 2022"]
[Source "ChessBase"]
[SourceDate "2021.10.24"]
[SourceVersion "1"]
[SourceVersionDate "2021.10.24"]
[SourceQuality "1"]

1. b4 Nf6 2. Bb2 e6 3. a3 c5 4. b5 b6 5. c4 Be7 6. e3 0-0 7. Nf3 h6 8. Be2 d5 9. 0-0 Ne4 10. d3 Ng5 11. Qc2 Bf6 12. Ne5 d4 13. exd4 cxd4 14. Bxd4 Qxd4 15. Nf3 Qxa1 16. d4 Nd7 17. Nxg5 Bxg5 18. Qe4 Rb8 19. Bd3 Nf6 20. Qf3 Qxd4 21. Rd1 Qe5 22. Bf1 Bb7 23. Qe2 Qf5 24. Nd2 Qg6 25. Nf3 Ne4 26. Nxg5 Nxg5 27. Rd7 Nh3+ 28. Kh1 Nf4 29. Qd2 Bxg2+ 30. Bxg2 Qxg2# 0-1

[Event "FICGS W-ch st1 g03 email"]
[Site "FICGS email"]
[Date "2017.07.01"]
[Round "1"]
[White "Barradas, Anderson"]
[Black "Ward, David"]
[Result "0-1"]
[WhiteElo "1248"]
[BlackElo "1747"]
[PlyCount "62"]
[EventDate "2017.??.??"]
[EventType "tourn (corr)"]
[EventRounds "8"]
[SourceTitle "Corr 2022"]
[Source "ChessBase"]
[SourceDate "2021.10.24"]
[SourceVersion "1"]
[SourceVersionDate "2021.10.24"]
[SourceQuality "1"]

1. e4 e5 2. Nf3 Nc6 3. d4 exd4 4. Nxd4 Nf6 5. Bg5 h6 6. Bh4 g5 7. Bg3 Nxe4 8. Nxc6 dxc6 9. Qxd8+ Kxd8 10. Bd3 Nxg3 11. hxg3 Bg7 12. Nc3 Re8+ 13. Be2 Be6 14. 0-0-0+ Ke7 15. Rhe1 Bxc3 16. bxc3 Kf6 17. a3 Rad8 18. Bd3 c5 19. c4 Rd4 20. Rd2 Red8 21. Re3 Bxc4 22. Rf3+ Kg7 23. g4 Be6 24. a4 c4 25. c3 Rxd3 26. Rdxd3 Rxd3 27. Rxd3 cxd3 28. f3 a5 29. Kd2 Bc4 30. g3 Kg6 31. f4 f5 0-1

[Event "FICGS class F 000187 email"]
[Site "FICGS email"]
[Date "2017.02.16"]
[Round "1"]
[White "Klawitter, Bernd"]
[Black "Barradas, Anderson"]
[Result "1/2-1/2"]
[WhiteElo "1309"]
[BlackElo "1292"]
[PlyCount "27"]
[EventDate "2017.??.??"]
[EventType "tourn (corr)"]
[EventRounds "5"]
[SourceTitle "Corr 2022"]
[Source "ChessBase"]
[SourceDate "2021.10.24"]
[SourceVersion "1"]
[SourceVersionDate "2021.10.24"]
[SourceQuality "1"]

1. c4 Nf6 2. d4 e6 3. Nc3 Bb4 4. e3 Ne4 5. Qc2 Nxc3 6. bxc3 Ba5 7. Bd2 0-0 8. Bd3 g6 9. Ne2 d5 10. 0-0 Nd7 11. cxd5 exd5 12. c4 Bxd2 13. Qxd2 Nb6 14. c5 1/2-1/2